Mitologiczne stwory - Statystyki

Ogólne statystyki
  • Ten quiz został rozwiązany 504 razy
    490 od ostatniego zresetowania
  • Średni wynik to 3 z 16
Statystyki odpowiedzi
podpowiedź Odpowiedź % Poprawnych
gad zamieniający ludzi w kamień bazyliszek
82%
w czasie pełni przybiera postać wilka wiłkołak
82%
prawie nieśmiertelny żywi się ludzką krwią wampir
81%
motylopodobna nimfa wodna rusałka
29%
demon opiekuńczy zbiorników wodnych wodnik
18%
złośliwy duszek zamieszkujący zebrane snopki i psujący je od środka chochoł
13%
światełka zwabiające ludzi na bagna błędne ogniki
8%
zły duch mogący wniknąć w osobę kierując jej działaniami bies
7%
zły demon personifikujący nieszczęście, zły los i choroby licho
7%
demonica zwabiająca młodzieńców na głęboką wodę topielica
7%
zmora leśmianowska dusiołek
6%
smok opiekuńczy wcielenie boga Walesa żmij
3%
duch opiekuńczy ogniska domowego chowaniec
1%
żarłoczna bestia skrzyżowanie wołu z wężem lamia
1%
stworki zamieszkujące rdzewiejące rury ruraki
1%
złe baby zajmujące się magią cioty
0%
Nie znaleziono quizów pasujących do podanych kryteriów
Rozkład punktacji
Procent ludzi z każdym wynikiem
Percentyl według liczby udzielonych odpowiedzi
Twoja historia wyników
Nie rozwiązałeś tego quizu od ostatniego zresetowania